000 00804nam a2200253Ia 4500
003 OSt
005 20220923211336.0
006 a|||||r|||| 00| 0
007 ta
008 Pun
020 _a9788182992528 (hbk)
_c375
024 _a282,349
037 _b801, 09/03/2014, H.K. Prakashan
_cTextual
040 _aARTS
_cARTS
_bPun
041 _2Pun
_aPun
082 _aO153,1:g, Q2
100 _aਵਾਲੀਆ, ਵਰਿੰਦਰ
_9156318
245 0 _aਹਰਖ਼ਾਂ ਦੇ ਆਰ ਪਾਰ
260 _aਦਿੱਲੀ
_b ਆਰਸੀ ਪਬਲਿFਰਗ਼
_c2012
300 _a248ਪੰ
_ccm.
650 _aਪੰਜਾਬੀ ਸਾਹਿਤ
942 _hO153,1:g, Q2
_cTEXL
_2CC
999 _c298617
_d298617